Statistiques concernant Quizlendrier de l'Avent #3 - Paroles - Petit Papa Noël

Cliquez ici pour prendre le quiz!

Statistiques générales

  • Ce quiz a été pris 1 225 fois
    (1 187 depuis la dernière actualisation)
  • Le résultat moyen est 157 sur 210

Statistiques - réponses

Paroles% Correct
C'
100%
d'
100%
N'
100%
n'
100%
Noël
100%
Papa
100%
Petit
100%
petit
100%
ciel
99%
ciel,
99%
de
99%
des
99%
quand
99%
Quand
99%
t'
99%
tu
99%
à
98%
du
98%
m'
98%
Avec
97%
par
97%
milliers
96%
pas
96%
soulier
96%
oublie
95%
descendras
94%
Il
94%
jouets
94%
est
93%
te
93%
mon
88%
avant
86%
Avant
86%
froid
86%
Mais
86%
Mais,
86%
bien
85%
partir
85%
couvrir
84%
le
84%
Le
84%
un
84%
faudra
83%
Dehors,
81%
moi
81%
peu
80%
cause
79%
La
78%
la
78%
si
78%
avoir
75%
Les
75%
les
75%
me
75%
en
74%
vas
74%
Et
73%
se
71%
nuit
70%
jour
68%
que
67%
Je
66%
je
66%
ai
65%
ta
65%
Ta
65%
lève
63%
Pour
63%
belle
62%
as
61%
beau
61%
neige
61%
tous
61%
Tous
61%
apporté
60%
voir
59%
enfants
58%
petits
58%
rêve
58%
son
57%
tarde
57%
blanc
56%
joujoux
56%
vois
56%
beaux
55%
manteau
54%
tant
53%
une
50%
été
48%
ton
48%
demande
44%
commandés
42%
dernière
42%
prière
42%
vers
42%
étend
41%
fermer
41%
paupières
41%
très
41%
yeux
41%
Au
39%
genoux
39%
sur
37%
sage
36%
Font
35%
hotte
35%
jours
34%
levés
30%
dos
29%
pardon
29%
faire
28%
vont
28%
passé
27%
cloches
26%
dodo
26%
marchand
26%
sable
26%
nuage
25%
églises
23%
seras
23%
maison
22%
pouvoir
22%
commencer
21%
distribution
21%
notre
21%
surprises
21%
Viens
18%
abord
17%

Distribution des résultats

Percentile par nombre de réponses

% des personnes avec chaque résultat

Votre développement - résultats

Vous n’avez pas pris ce quiz depuis la dernière actualisation